Retrouvez ces films grâce à leur sous-titre #2 - Statistiques

Statistiques générales
  • Ce quiz a été pris 539 fois
  • Le résultat moyen est 4 sur 10
Statistiques - réponses
Sous-titre Titre de film % Correct
Vers l'infini et au delà Toy Story
96%
Comment Jamal Malik a-t-il atteint la question à 20 millions ? Slumdog Millionaire
63%
L'esclave qui défia l'Empire. Gladiator
57%
Il ne croyait pas aux miracles. Jusqu'à l'arrivée de ce prisonnier. La Ligne verte
51%
Dans l'espace, personne ne vous entend crier. Alien, le huitième passager
46%
Trente ans passés dans la mafia. Les Affranchis
18%
La seule chose plus extraordinaire que sa musique, c'est son histoire. Bohemian Rhapsody
15%
Quelque chose a survécu Jurassic Park, le Monde Perdu
9%
L'histoire extraordinaire d'un garçon peu ordinaire Edward aux mains d'argent
2%
Au bout du voyage, oubliez tout... Into The Wild
1%
Aucun quiz correspondant
Distribution des résultats
% des personnes avec chaque résultat
Percentile par nombre de réponses
Votre historique - résultats
Vous n’avez pas pris ce quiz